Sladké sny /
Napínavý hororový thriller s detektivní zápletkou o sériovém vrahovi, kterého se po letech snaží kdosi napodobit.
Uloženo v:
| Hlavní autor: | |
|---|---|
| Další autoři: | |
| Médium: | E-kniha |
| Jazyk: | Czech |
| Vydáno: |
Praha :
Dobrovský s.r.o.,
2026
|
| Edice: | Fobos
|
| Témata: | |
| Tagy: |
Žádné tagy |
| LEADER | 02802nam a2200445 i 4500 | ||
|---|---|---|---|
| 001 | 312941 | ||
| 003 | CZ PrSKC | ||
| 005 | 20260601215731.0 | ||
| 007 | ta | ||
| 008 | 260423s2026 xr g 000 f cze | ||
| 015 | |a cnb003753522 | ||
| 020 | |a 9788027744220 |q (brožováno) : |c Kč 499,00 | ||
| 040 | |a ABG001 |b cze |e rda | ||
| 041 | 1 | |a cze |h eng | |
| 072 | 7 | |a 821.111(73)-3 |x Americká próza |2 Konspekt | |
| 080 | |a 821.111(73)-31 |2 MRF | ||
| 080 | |a (0:82-312.4) |2 MRF | ||
| 100 | 1 | |a Markert, James, |d 1974- |7 xx0320623 |4 aut | |
| 240 | 1 | 0 | |a Sleep tight. |l Česky |
| 245 | 1 | 0 | |a Sladké sny / |c J.H. Markert ; přeložila Jana Zatloukalová |
| 264 | 1 | |a Praha : |b Dobrovský s.r.o., |c 2026 | |
| 300 | |a 409 stran ; |c 21 cm | ||
| 336 | |a text |b txt |2 rdacontent | ||
| 337 | |a bez média |b n |2 rdamedia | ||
| 338 | |a svazek |b nc |2 rdacarrier | ||
| 490 | 1 | |a Fobos | |
| 500 | |a Přeloženo z angličtiny | ||
| 520 | 2 | |a Napínavý hororový thriller s detektivní zápletkou o sériovém vrahovi, kterého se po letech snaží kdosi napodobit. |b Před dvaceti lety terorizoval malé městečko Twisted Tree sériový vrah, který si říkal Otec Ticho. Na veřejnosti vystupoval jako příjemný a společnosti prospěšný farář. Byl však zatčen poté, co policie u něj v domě nalezla devatenáct mrtvých těl a jednoho přeživšího - malého chlapce, který byl následně umístěn do psychiatrické léčebny. O dvacet let později je Otec Ticho konečně popraven, ale hned další ráno je nalezen detektiv, který původní případ vyšetřoval, mrtvý. K činu se přihlásí nový sériový vrah, který si říká Psanec. Vyšetřování se ujímá dcera zavražděného detektiva, Tess Claibournová, která se sama stala policistkou, a kterou pronásleduje minulost spojená s Otcem Tichem. Když je však unesena Tessina dcera, musí se Tess vydat zpátky do Twisted Tree, aby si promluvila s jediným člověk, který by jí mohl dát ty správné odpovědi - s přeživším chlapcem. | |
| 655 | 7 | |a americké romány |7 fd131796 |2 czenas | |
| 655 | 7 | |a thrillery (romány) |7 fd184206 |2 czenas | |
| 655 | 9 | |a American fiction |2 eczenas | |
| 655 | 9 | |a thrillers (novels) |2 eczenas | |
| 700 | 1 | |a Zatloukalová, Jana |7 xx0306971 |4 trl | |
| 710 | 2 | |a Dobrovský (firma) |7 olak2017946581 |4 pbl | |
| 830 | 0 | |a Fobos | |
| 900 | |a ABG001 |b 19 | ||
| 044 | |a xr | ||
| 910 | |a RBIT002 | ||
| 998 | |d 425999 |a https://core.palmknihy.cz/api/books/425999/cover?tcr80f |b https://core.palmknihy.cz/api/books/425999/cover/400?tcr80f |c https://core.palmknihy.cz/api/books/425999/cover/50?tcr80f |e 2029-04-04 |g 416 |i 9788027744220 |j https://core.palmknihy.cz/api/books/425999/preview.epub |k https://core.palmknihy.cz/api/books/425999/preview.pdf |l |q 49 |r 1 |s https://www.palmknihy.cz/kniha/425999 |t ebook |y 2026 |z 0 | ||
| 999 | |d 312939 | ||